Indítványok napja Fodor Jenőt választotta meg a közgyűlés tanácsnoknak
Elmentve itt :
| Dokumentumtípus: | Cikk |
|---|---|
| Megjelent: |
1917-01-18
|
| Sorozat: | Délmagyarország
6 No. 13 |
| Kulcsszavak: | Fodor Jenő, Városvezetés szabályzat, Gazdasági élet Szeged 1917 |
| Online Access: | http://dmarchiv.bibl.u-szeged.hu/59441 |
| LEADER | 00507nab a2200145 i 4500 | ||
|---|---|---|---|
| 001 | delm59441 | ||
| 005 | 20180927144617.0 | ||
| 008 | 180927s1917 hu o 0|| hun d | ||
| 040 | |a SZTE Délmagyarország Archívum |b hun | ||
| 041 | |a hun | ||
| 245 | 0 | 0 | |a Indítványok napja |h [elektronikus dokumentum] : |b Fodor Jenőt választotta meg a közgyűlés tanácsnoknak |
| 260 | |c 1917-01-18 | ||
| 300 | |a 3-5 | ||
| 490 | 0 | |a Délmagyarország |v 6 No. 13 | |
| 695 | |a Fodor Jenő, Városvezetés szabályzat, Gazdasági élet Szeged 1917 | ||